000 00465nam a2200181 a 4500
001 17432
003 CO-ViMGA
008 141112s2004 ck r 000 u spa d
020 _a8424177223
040 _aCO-ViMGA
_bspa
_cCO-ViMGA
082 0 4 _a862 L151s
100 1 _aLalana, Fernando
245 1 0 _aSegismundo y compañia
260 _aLeón (España),
_cEverest,
_c2000
300 _a80.p.
650 1 4 _aTEATRO ESCOLAR INFANTIL ESPAÑOL
_924753
942 _2ddc
_cBK
999 _c26969
_d26969